| 000 | 00386nam a2200109Ia 4500 | ||
|---|---|---|---|
| 008 | 171211s9999 xx 000 0 und d | ||
| 245 | _aTransforming Family Life through the Healing Power of Touch | ||
| 245 | _cAedin Cassidy, Hester H. Vorster, Michael J. Gibney, and Susan A. Lanham-New | ||
| 260 | _c2011 | ||
| 650 | _xHEALTH | ||
| 856 | _uhttp://down.ebook777.com/016/9781844095599.pdf | ||
| 999 |
_c348395 _d348395 |
||